| Поле | Инд. | ПП | Название | Значение |
|---|---|---|---|---|
| Тип записи | a | |||
| Библиографический уровень | m | |||
| 001 | Контрольный номер | 2d968c4a-8c5a-4875-87f6-32a066edd013 | ||
| 005 | Дата корректировки | 20140226235642.7 | ||
| 008 | Кодируемые данные | 020703 | ||
| 020 | a | ISBN | 5-94057-009-7 | |
| c | Цена, тираж | 22.30 | ||
| 040 | a | Служба первич. каталог. | НБ ТвГУ | |
| 041 | a | Код языка текста | rus | |
| 080 | a | Индекс УДК | 51(082) | |
| 084 | a | Индекс другой классификации/Индекс ББК | В1 | |
| 090 | x | Авторский знак | С88 | |
| a | Полочн. индекс | В1 | ||
| 245 | 10 | a | Заглавие | Студенческие чтения МК НМУ |
| n | Номер части/ раздела | Вып. 2 | ||
| b | Продолж. заглавия | [Сб. лекций | ||
| c | Ответственность | Под общ. ред. В. Прасолова] | ||
| 260 | 0_ | a | Место издания | Москва |
| b | Издательство | Московский Центр непрерывного математического образования | ||
| c | Дата издания | 2001 | ||
| 300 | a | Объем | 144 с. | |
| b | Иллюстрации/ тип воспроизводства | ил. | ||
| 583 | a | Действие | Получение впервые 276 03.07.2002 | |
| k | Исполнитель действия | Обмен | ||
| 650 | a | Основная рубрика | Математика | |
| 653 | a | Ключевые слова | Математика | |
| 700 | 1_ | a | Другие авторы | Прасолов В. |
| e | Роль лиц | ред. | ||
| 852 | t | Порядковый номер экземпляра | 1 | |
| p | Инвентарный номер | 748186 | ||
| 863 | t | 00029979 | ||
| 888 | a | Бесплатные | ||
| 952 | p | 276.2002 22.30 1 748186 | ||
| c | Вид литературы | К рн | ||
| 954 | a | Дата поступления на обработку | 20020819 | |
| 999 | a | Подразделение 2 | Фил3 |